Ochomiles - Estadísticas

Estadísticas generales
  • Esta prueba ha sido intentada 271 veces
  • La puntuación promedio es 8 de 14
Estadísticas de respuestas
Hint Respuesta % Correcto
8.848 Everest
100%
8.611 K2
97%
8.091 Annapurna
77%
8.516 Lhotse
64%
8.201 Cho Oyu
63%
8.125 Nanga Parbat
62%
8.163 Manaslu
58%
8.047 Broad Peak
54%
8.463 Makalu
52%
8.586 Kachenjunga
49%
8.167 Dhaulagiri
44%
8.027 Shisha Pangma
43%
8.068 Gasherbrum I
36%
8.035 Gasherbrum II
36%
No se encontraron pruebas coincidentes
Distribución de puntuación
Porcentaje de gente con cada puntuación
Porcentaje por número respondido
Historial de tus puntuaciones
No has intentado esta prueba.